Terhimpit kasin / (Record no. 71639)

MARC details
000 -LEADER
fixed length control field 00565cam a22002171a 4500
001 - CONTROL NUMBER
control field sa 66008090
003 - CONTROL NUMBER IDENTIFIER
control field DLC
005 - DATE AND TIME OF LATEST TRANSACTION
control field 20260227112310.0
008 - FIXED-LENGTH DATA ELEMENTS--GENERAL INFORMATION
fixed length control field 950420q19601969io a 000 1 ind
010 ## - LIBRARY OF CONGRESS CONTROL NUMBER
LC control number sa 66008090
025 ## - OVERSEAS ACQUISITION NUMBER
Overseas acquisition number PL480:Indo-2389
035 ## - SYSTEM CONTROL NUMBER
System control number (OCoLC)32341595
040 ## - CATALOGING SOURCE
Original cataloging agency DLC
Transcribing agency WU
Modifying agency DLC
042 ## - AUTHENTICATION CODE
Authentication code premarc
050 00 - LIBRARY OF CONGRESS CALL NUMBER
Classification number PL5089.W46
Item number T4
100 1# - MAIN ENTRY--PERSONAL NAME
Personal name Wida, Rani.
245 10 - TITLE STATEMENT
Title Terhimpit kasin /
Statement of responsibility, etc. oleh Rani Wida.
260 ## - PUBLICATION, DISTRIBUTION, ETC.
Place of publication, distribution, etc. Tasikmalaja :
Name of publisher, distributor, etc. Swandjaja,
Date of publication, distribution, etc. [196-?]
300 ## - PHYSICAL DESCRIPTION
Extent 64 p. :
Other physical details ill. ;
Dimensions 15 cm.
440 #0 - SERIES STATEMENT/ADDED ENTRY--TITLE
Title Buku saku ABC ;
Volume/sequential designation no. 57

No items available.

Powered by Koha